Saint Seiya : Les chevaliers d or - Statistiques

Statistiques générales
  • Ce quiz a été pris 158 fois
  • Le résultat moyen est 9 sur 12
Statistiques - réponses
Hint Réponse % Correct
Belier Mu
96%
Gémeaux Saga
92%
Taureau Aldebaran
91%
Vierge Shaka
90%
Poissons Aphrodite
82%
Scorpion Milo
82%
Verseau Camus
74%
Capricorne Shura
74%
Balance Doko
72%
Lion Aiolia
71%
Cancer Deathmask
67%
Sagittaire Aioros
44%
Aucun quiz correspondant
Distribution des résultats
% des personnes avec chaque résultat
Percentile par nombre de réponses
Votre historique - résultats
Vous n’avez pas pris ce quiz